LEADER 01272nam2-2200409---4500 001 990000912290203316 005 20050629171221.0 010 $a0-674-39947-1 035 $a0091229 035 $aUSA010091229 035 $a(ALEPH)000091229USA01 035 $a0091229 100 $a20020128d1987----km-y0ENGy0103----ba 101 $aeng 102 $aGB 200 1 $aModernism and after$fDavid Perkins$v2 210 $aCambridge$cHarvard university press$dc1987 215 $aXIII, 694 p.$d22 cm 410 $12001 461 $10010091227$12001$a<> history of modern poetry 606 $aPoesia inglese$zSec. 19.-20. 676 $a821.809 700 1$aPERKINS,$bDavid$0458138 801 0$aIT$bsalbc$gISBD 912 $a990000912290203316 951 $aVII.3.C. 78/2(II i B 1267 2)$b111561 LM$cII i B 951 $aVII.3.C. 78/2a(II i B 1267 2BIS)$b111563 LM$cII i B 951 $aVII.3.C. 78/2b(II i B 1267 2A)$b111565 LM$cII i B 959 $aBK 969 $aUMA 979 $aPATTY$b90$c20020128$lUSA01$h1311 979 $aPATTY$b90$c20020128$lUSA01$h1311 979 $c20020403$lUSA01$h1735 979 $aPATRY$b90$c20040406$lUSA01$h1703 979 $aCOPAT5$b90$c20050629$lUSA01$h1712 996 $aModernism and after$9971183 997 $aUNISA